Možnosti energetického využitia anaeróbneho metabolizmu mikroorganizmov
Guardado en:
| Autor principal: | |
|---|---|
| Otros Autores: | |
| Formato: | Manuscrito Libro |
| Lenguaje: | eslovaco |
| Publicado: |
2015
|
| Materias: | |
| Acceso en línea: | http://is.stuba.sk/zp/portal_zp.pl?podrobnosti=69396 |
| Etiquetas: |
Sin Etiquetas, Sea el primero en etiquetar este registro!
|
MARC
| LEADER | 00000ntm a22000003a 4500 | ||
|---|---|---|---|
| 001 | stuzp15945 | ||
| 003 | SK-STU | ||
| 005 | 20160719152823.5 | ||
| 007 | ta | ||
| 008 | 150427s2015----xo-----f-mn---000-0-slo-d | ||
| 040 | |a STU |b slo | ||
| 041 | 0 | |a slo | |
| 100 | 1 | |a Zelená, Viera |u 043260 |4 aut |U FCHPT Ústav biochémie, výživy a ochrany zdravia |T FCHPT Oddelenie biochémie a mikrobiológie |X 21090 |U C3260 |Y 113 |7 A0000021090 | |
| 242 | 0 | 1 | |a Prospects of utilization of microbial anaerobic metabolism for the energy conversion |y eng |
| 245 | 1 | 0 | |a Možnosti energetického využitia anaeróbneho metabolizmu mikroorganizmov |
| 260 | |c 2015 | ||
| 650 | 4 | |a produkcia CO, CO2, H2, H2S |2 slo | |
| 650 | 4 | |a hydrolázy |2 slo | |
| 650 | 4 | |a biochemické dráhy |2 slo | |
| 650 | 4 | |a anaeróbne huby |2 slo | |
| 650 | 4 | |a molekulárna taxonómia |2 slo | |
| 650 | 4 | |a hydrolases |2 eng | |
| 650 | 4 | |a molecular taxonomy |2 eng | |
| 650 | 4 | |a biochemical pathways |2 eng | |
| 650 | 4 | |a production of CO, CO2, H2, H2S |2 eng | |
| 650 | 4 | |a anaerobic fungi |2 eng | |
| 700 | 1 | |a Varečka, Ľudovít |4 ths |X 4512 |7 A000004512 | |
| 856 | 4 | |u http://is.stuba.sk/zp/portal_zp.pl?podrobnosti=69396 | |
| SQL | |a stuzp15945 |b DDZ |c SLO |d Možnosti energetického využitia anaeróbneho metabolizmu mikroorganizmov |e 21090 |f Zelená, Viera |g 043260 |h 4512 |i Varečka, Ľudovít |j 20150825 |k 133 |l 04 |m http://is.stuba.sk/zp/portal_zp.pl?podrobnosti=69396 |n D-BICH |o 4.1.22. biochémia | ||